[Event "Xtracon Chess Open 2017"]
[Site "Helsingor DEN"]
[Date "2017.07.26"]
[Round "6.209"]
[White "Johansen, Paul Ivar"]
[Black "Cort Maleeva Hansen, Daniel Alexander"]
[Result "1/2-1/2"]
[WhiteElo "1301"]
[BlackElo "1166"]
[WhiteFideId "1508024"]
[BlackFideId "1462644"]
[EventDate "2017.07.22"]

1. Nf3 Nf6 2. c4 Nc6 3. d4 a6 4. h3 g6 5. Bf4 Bg7 6. e3 O-O 7. Be2 e6 8. d5 exd5
9. cxd5 Ne7 10. Nc3 d6 11. e4 b6 12. O-O Bb7 13. Qb3 c5 14. Rfd1 Re8 15. a4 Nc8
16. Rdb1 Nxe4 17. Nxe4 Rxe4 18. Be3 Na7 19. Qc2 Bxd5 20. Nd2 Re7 21. Bxa6 Bb7
22. Be2 Qc7 23. Bf3 Bxf3 24. Nxf3 Rae8 1/2-1/2

[Event "Xtracon Chess Open 2017"]
[Site "Helsingor DEN"]
[Date "2017.07.26"]
[Round "6.211"]
[White "Gade, Jens"]
[Black "Jacobsen, Harald Kittel Lytomt"]
[Result "1-0"]
[WhiteElo "1523"]
[BlackElo "1242"]
[WhiteFideId "1416111"]
[BlackFideId "1533460"]
[EventDate "2017.07.22"]

1. f4 d5 2. Nf3 Nf6 3. g3 c5 4. Bg2 Nc6 5. O-O Bg4 6. b3 Qb6 7. Kh1 O-O-O 8. Nc3
Ne4 9. Na4 Qa5 10. Qe1 Qa6 11. d3 b5 12. dxe4 bxa4 13. exd5 Rxd5 14. Ne5 Rxe5
15. fxe5 Nxe5 16. Bf4 f6 17. Bxe5 fxe5 18. Bf3 Bxf3+ 19. exf3 axb3 20. axb3 Qb6
21. Qxe5 Rg8 22. Rfd1 g5 23. Qd5 e6 24. Qd7+ Kb8 25. Qe8+ Kb7 26. Rd7+ Kc6 27.
Rg7+ Kd5 28. Rxg8 Bh6 29. Qd7+ Ke5 30. Re1+ Kf5 31. Qf7# 1-0

[Event "Xtracon Chess Open 2017"]
[Site "Helsingor DEN"]
[Date "2017.07.26"]
[Round "6.213"]
[White "Huse, Lars Paul"]
[Black "Hinrichs, Kurt"]
[Result "1/2-1/2"]
[WhiteElo "1163"]
[BlackElo "1277"]
[WhiteFideId "1526537"]
[BlackFideId "12994057"]
[EventDate "2017.07.22"]

1. e4 e6 2. d4 d5 3. e5 c5 4. c3 Nc6 5. Nf3 h6 6. Be3 cxd4 7. Nxd4 Nxe5 8. Be2
a6 9. O-O Nc4 10. Bxc4 dxc4 11. Nd2 Qc7 12. Rc1 b5 13. N2f3 Nf6 14. Re1 Be7 15.
Nc2 O-O 16. Bd4 Rd8 17. Qe2 Bb7 18. Rcd1 Bxf3 19. Qxf3 Rac8 20. Qe3 Ng4 21. Qh3
Nf6 22. Qe3 1/2-1/2

[Event "Xtracon Chess Open 2017"]
[Site "Helsingor DEN"]
[Date "2017.07.27"]
[Round "7.1"]
[White "Jobava, Baadur"]
[Black "Bosiocic, Marin"]
[Result "1-0"]
[WhiteTitle "GM"]
[BlackTitle "GM"]
[WhiteElo "2714"]
[BlackElo "2616"]
[WhiteFideId "13601520"]
[BlackFideId "14507927"]
[EventDate "2017.07.22"]

1. e4 c5 2. Nc3 Nc6 3. Bb5 Nd4 4. a4 g6 5. Nge2 Bg7 6. d3 Nf6 7. O-O O-O 8. Bg5
h6 9. Be3 e5 10. Bc4 d6 11. Nd5 Nxd5 12. Bxd5 Be6 13. Nc3 Rb8 14. Rb1 a6 15. Ra1
Kh7 16. a5 Nc6 17. Bxe6 fxe6 18. Qg4 Nd4 19. Qd1 Nc6 20. Na4 Nxa5 21. b4 Nc6 22.
bxc5 d5 23. Nb6 h5 24. c3 dxe4 25. dxe4 Qxd1 26. Rfxd1 Rbd8 27. Rd6 Rf7 28. Rxe6
Bf8 29. Kf1 Be7 30. Rb1 Kg7 31. Ke2 Rf6 32. Rxf6 Bxf6 33. g3 g5 34. f3 Kg6 35.
Nd5 Rd7 36. h3 Bd8 37. f4 exf4 38. gxf4 gxf4 39. Bxf4 Rf7 40. Bd6 Bh4 41. e5 Nd8
42. Rb4 Bg5 43. h4 Bh6 44. Be7 Nc6 45. Rxb7 Kf5 46. Rb6 Nxe7 47. Nxe7+ Rxe7 48.
Rxh6 Kg4 49. Rg6+ Kxh4 50. e6 Kh3 51. Kf3 h4 52. c6 Kh2 53. Rg2+ Kh3 54. Re2 a5
55. c7 Rxc7 56. e7 Rxc3+ 57. Re3 Rc8 58. e8=Q 1-0

[Event "Xtracon Chess Open 2017"]
[Site "Helsingor DEN"]
[Date "2017.07.27"]
[Round "7.2"]
[White "Urkedal, Frode"]
[Black "Sasikiran, Krishnan"]
[Result "1/2-1/2"]
[WhiteTitle "GM"]
[BlackTitle "GM"]
[WhiteElo "2543"]
[BlackElo "2688"]
[WhiteFideId "1506102"]
[BlackFideId "5004985"]
[EventDate "2017.07.22"]

1. d4 d5 2. c4 c6 3. Nf3 Nf6 4. e3 Bf5 5. Nc3 e6 6. Nh4 Bg6 7. Be2 Nbd7 8. O-O
Ne4 9. g3 Nd6 10. cxd5 cxd5 11. Bd2 Be7 12. Nxg6 hxg6 13. a4 a6 14. a5 O-O 15.
Qb3 Rb8 16. Na4 Ne4 17. Be1 Bd6 18. f3 Nef6 19. Bd2 Re8 20. Rfc1 e5 21. Bf1 Nf8
22. Nb6 exd4 23. exd4 Ne6 24. Ra4 Bc7 25. Bh3 Bxb6 26. Qxb6 Qxb6 27. axb6 Rbc8
28. Rxc8 Rxc8 29. Bc3 Rc6 30. Kf2 Rxb6 31. Ke3 Ne8 32. Rb4 Rxb4 33. Bxb4 f5 34.
Bf1 Kf7 35. Bd3 N6c7 36. g4 Kf6 37. h4 Ne6 38. Bc2 b6 39. Ba4 N6c7 40. Bd7 fxg4
41. fxg4 a5 42. Ba3 Kf7 43. g5 Ne6 1/2-1/2

[Event "Xtracon Chess Open 2017"]
[Site "Helsingor DEN"]
[Date "2017.07.27"]
[Round "7.3"]
[White "Short, Nigel D"]
[Black "Vocaturo, Daniele"]
[Result "1-0"]
[WhiteTitle "GM"]
[BlackTitle "GM"]
[WhiteElo "2688"]
[BlackElo "2592"]
[WhiteFideId "400025"]
[BlackFideId "813192"]
[EventDate "2017.07.22"]

1. e4 c5 2. Nf3 g6 3. c4 Nc6 4. d4 cxd4 5. Nxd4 Nf6 6. Nc3 d6 7. Be2 Nxd4 8.
Qxd4 Bg7 9. Be3 O-O 10. Qd2 a5 11. f3 a4 12. O-O Qa5 13. Rfc1 Be6 14. Rab1 Rfc8
15. b4 axb3 16. axb3 Qb4 17. Rc2 Nd7 18. Nb5 Qxd2 19. Rxd2 Nc5 20. g4 Bd7 21.
Kf2 Ne6 22. Nd4 Nxd4 23. Bxd4 Bxd4+ 24. Rxd4 Be8 25. g5 Ra2 26. Ke3 h6 27. h4
hxg5 28. hxg5 Rc5 29. f4 e5 30. fxe5 Rxe5 31. Rxd6 Bc6 32. Bf3 Rxg5 33. b4 Re5
34. Kf4 Re7 35. b5 Be8 36. e5 Kf8 37. Rb6 Rc2 38. Rb4 Rf2 39. Ke3 Rf1 40. Bxb7
Rxe5+ 41. Kd4 Re7 42. Bd5 Rf4+ 43. Kd3 Bd7 44. Rb2 Bf5+ 45. Kc3 Be4 46. Bxe4
Rexe4 47. Rc6 Ke7 48. b6 Kd7 49. Rc7+ Kd6 50. Rd2+ Ke6 51. b7 1-0

[Event "Xtracon Chess Open 2017"]
[Site "Helsingor DEN"]
[Date "2017.07.27"]
[Round "7.4"]
[White "Motylev, Alexander"]
[Black "Rosen, Eric S"]
[Result "1-0"]
[WhiteTitle "GM"]
[BlackTitle "IM"]
[WhiteElo "2680"]
[BlackElo "2369"]
[WhiteFideId "4121830"]
[BlackFideId "2032562"]
[EventDate "2017.07.22"]

1. e4 c5 2. Nf3 e6 3. d4 cxd4 4. Nxd4 Nc6 5. Nc3 Qc7 6. a3 a6 7. Be3 Nf6 8. f4
d6 9. Qf3 Be7 10. O-O-O O-O 11. Be2 Bd7 12. Rhg1 b5 13. g4 b4 14. axb4 d5 15. e5
Ne4 16. Nf5 Bxb4 17. Nxe4 dxe4 18. Qxe4 Qa5 19. Kb1 Rfb8 20. Bc4 Bc3 21. Bb3 Rb4
22. Ne7+ Kf8 23. Nxc6 Rxe4 24. Nxa5 Bxa5 25. Rxd7 Rxe3 26. f5 Rf3 27. fxe6 fxe6
28. Bxe6 Rd8 29. Rgd1 Rxd7 30. Rxd7 Re3 31. Rf7+ Ke8 32. Rxg7 Rxe5 33. Bd7+ Kd8
34. Rxh7 Bc7 35. Bf5 Re1+ 36. Ka2 Bf4 37. h4 Rh1 38. h5 a5 39. Ra7 Bc7 40. Ra6
Ke7 41. h6 1-0

[Event "Xtracon Chess Open 2017"]
[Site "Helsingor DEN"]
[Date "2017.07.27"]
[Round "7.5"]
[White "Vitiugov, Nikita"]
[Black "Delorme, Axel"]
[Result "1-0"]
[WhiteTitle "GM"]
[BlackTitle "IM"]
[WhiteElo "2724"]
[BlackElo "2518"]
[WhiteFideId "4152956"]
[BlackFideId "632023"]
[EventDate "2017.07.22"]

1. c4 e6 2. Nc3 d5 3. d4 a6 4. cxd5 exd5 5. Qb3 Nc6 6. Nf3 Bb4 7. Bf4 Nge7 8. e3
O-O 9. Be2 h6 10. O-O Be6 11. Rac1 Bd6 12. Bg3 Bxg3 13. hxg3 Qd6 14. Na4 Bf5 15.
Nc5 b6 16. Nd3 Nd8 17. Nfe5 a5 18. g4 Bc8 19. Qc3 c6 20. Nf4 f6 21. Neg6 Nxg6
22. Nxg6 Re8 23. Qc2 Bd7 24. Nh4 Nf7 25. Bd3 Ng5 26. Bg6 Rf8 27. Nf5 Qe6 28. Qb3
Rab8 29. Qa3 Kh8 30. Qe7 Qxe7 31. Nxe7 c5 32. dxc5 bxc5 33. Rxc5 Rxb2 34. f3 a4
35. Rf2 Rb7 36. Nxd5 f5 37. gxf5 Bxf5 38. Nf4 Bb1 39. Ra5 Rd8 40. Rd2 Nf7 41.
Bxf7 1-0

[Event "Xtracon Chess Open 2017"]
[Site "Helsingor DEN"]
[Date "2017.07.27"]
[Round "7.6"]
[White "Hammer, Jon Ludvig"]
[Black "Hector, Jonny"]
[Result "1-0"]
[WhiteTitle "GM"]
[BlackTitle "GM"]
[WhiteElo "2628"]
[BlackElo "2497"]
[WhiteFideId "1503707"]
[BlackFideId "1700090"]
[EventDate "2017.07.22"]

1. c4 e5 2. g3 c6 3. Nf3 e4 4. Nd4 d5 5. cxd5 Qxd5 6. Nc2 Nf6 7. Nc3 Qe6 8. Bg2
Bc5 9. b4 Bb6 10. Na4 h5 11. d3 h4 12. dxe4 hxg3 13. hxg3 Rxh1+ 14. Bxh1 Nxe4
15. Nxb6 axb6 16. Qd4 Nf6 17. a3 Qb3 18. Qd2 c5 19. bxc5 bxc5 20. Qe3+ Be6 21.
Qxb3 Bxb3 22. Ne3 Ra7 23. Rb1 c4 24. Nf5 Nc6 25. Nxg7+ Kd7 26. Bb2 Ng8 27. Bd5
Nd8 28. Bf3 Ne7 29. Nh5 f5 30. g4 fxg4 31. Nf6+ Kd6 32. Bxg4 b5 33. Ne4+ Kd5 34.
Bf3 Ba4 35. Kd2 Ne6 36. Rh1 Nf4 37. Rh6 Neg6 38. e3 Nd3 39. Ng5+ 1-0

[Event "Xtracon Chess Open 2017"]
[Site "Helsingor DEN"]
[Date "2017.07.27"]
[Round "7.7"]
[White "Rasmussen, Allan Stig"]
[Black "Sokolov, Ivan"]
[Result "0-1"]
[WhiteTitle "GM"]
[BlackTitle "GM"]
[WhiteElo "2540"]
[BlackElo "2626"]
[WhiteFideId "1406000"]
[BlackFideId "14400030"]
[EventDate "2017.07.22"]

1. e4 e5 2. Nf3 Nc6 3. Bb5 a6 4. Ba4 Nf6 5. O-O Be7 6. Re1 b5 7. Bb3 d6 8. c3
O-O 9. h3 Nb8 10. d4 Nbd7 11. Nbd2 Bb7 12. Bc2 Re8 13. a4 Bf8 14. Bd3 c6 15. b4
Nb6 16. axb5 cxb5 17. d5 Rc8 18. Bb2 Rc7 19. Bf1 Qc8 20. Nb3 Ba8 21. Na5 Nxe4
22. Rxe4 Nxd5 23. Qb3 Nxc3 24. Re3 Nd5 25. Ree1 Nf4 26. Rac1 Rxc1 27. Bxc1 Ng6
28. Bd2 d5 29. Rc1 Qd7 30. Qc2 d4 31. Qc7 Qd5 32. Qa7 Qa2 33. Be1 Bxf3 34. gxf3
Nh4 35. Qd7 Nxf3+ 36. Kg2 Nxe1+ 37. Rxe1 Re6 38. Re4 Rg6+ 39. Rg4 Rf6 40. Kh1
Qxf2 41. Rg1 Rd6 42. Qb7 d3 43. Nc6 Qf6 44. Bg2 d2 45. Rd1 e4 46. Bxe4 Qe6 47.
Bg2 Qe1+ 48. Kh2 Re6 0-1

[Event "Xtracon Chess Open 2017"]
[Site "Helsingor DEN"]
[Date "2017.07.27"]
[Round "7.8"]
[White "Saric, Ivan"]
[Black "Sukandar, Irine Kharisma"]
[Result "1-0"]
[WhiteTitle "GM"]
[BlackTitle "IM"]
[WhiteElo "2621"]
[BlackElo "2409"]
[WhiteFideId "14508150"]
[BlackFideId "7101937"]
[EventDate "2017.07.22"]

1. e4 e5 2. Nf3 Nc6 3. d4 exd4 4. Nxd4 Bc5 5. Nb3 Bb6 6. Nc3 Nf6 7. Qe2 d6 8.
Be3 Be6 9. O-O-O Qe7 10. g3 O-O-O 11. Bg2 Rhe8 12. Rhe1 Kb8 13. h3 Bxb3 14. Bxb6
axb6 15. cxb3 Qe5 16. f4 Qc5 17. Kb1 g5 18. a3 gxf4 19. gxf4 Nd4 20. Qd2 Nxb3
21. Qc2 Na5 22. b4 Nc4 23. bxc5 Nxa3+ 24. Kb2 Nxc2 25. Kxc2 Rg8 26. Bf3 Rg3 27.
Rf1 Rxh3 28. e5 Ne8 29. c6 Rh2+ 30. Kb3 Ng7 31. exd6 cxd6 32. Nb5 bxc6 33. Bxc6
Rh3+ 34. Kb4 Ne6 35. Ra1 Nc7 36. Rfc1 d5 37. Ra7 1-0

[Event "Xtracon Chess Open 2017"]
[Site "Helsingor DEN"]
[Date "2017.07.27"]
[Round "7.9"]
[White "Andersen, Mads"]
[Black "Dauth, Benjamin"]
[Result "1-0"]
[WhiteTitle "GM"]
[BlackTitle "FM"]
[WhiteElo "2586"]
[BlackElo "2332"]
[WhiteFideId "1413864"]
[BlackFideId "4688104"]
[EventDate "2017.07.22"]

1. e4 e5 2. Nf3 Nc6 3. d4 exd4 4. Nxd4 Nf6 5. Nxc6 dxc6 6. Qxd8+ Kxd8 7. f3 Bc5
8. Bc4 Be6 9. Bxe6 fxe6 10. Ke2 e5 11. Nd2 Kd7 12. Nc4 Ke6 13. Rd1 Rhd8 14. Be3
Bxe3 15. Kxe3 Rxd1 16. Rxd1 Ne8 17. Na5 Nd6 18. b4 a6 19. h4 Re8 20. a4 h6 21.
g3 g6 22. Ke2 Rg8 23. c4 b6 24. Nxc6 Nxc4 25. Rd5 g5 26. hxg5 Rxg5 27. Kf2 Rh5
28. Kg1 Rg5 29. Kf2 Rh5 30. a5 Rh2+ 31. Kg1 Rd2 32. Rxd2 Nxd2 33. b5 Kd6 34.
Nxe5 c5 35. bxa6 Kc7 36. a7 Kb7 37. axb6 c4 38. Kf2 c3 39. Ke2 Nb3 40. Kd3 Nc5+
41. Kc2 1-0

[Event "Xtracon Chess Open 2017"]
[Site "Helsingor DEN"]
[Date "2017.07.27"]
[Round "7.10"]
[White "Kollars, Dmitrij"]
[Black "Timman, Jan H"]
[Result "1-0"]
[WhiteTitle "IM"]
[BlackTitle "GM"]
[WhiteElo "2510"]
[BlackElo "2578"]
[WhiteFideId "12909572"]
[BlackFideId "1000012"]
[EventDate "2017.07.22"]

1. e4 c6 2. d4 d5 3. exd5 cxd5 4. Bf4 Nc6 5. c3 Bf5 6. Nd2 e6 7. Ngf3 Nge7 8.
Qb3 Qd7 9. Nh4 Bg4 10. h3 Bh5 11. g4 Ng6 12. Ng2 Nxf4 13. Nxf4 Bg6 14. Bb5 a6
15. Bxc6 bxc6 16. O-O-O Bd6 17. Nxg6 fxg6 18. Qc2 O-O 19. f3 e5 20. dxe5 Bxe5
21. Qd3 a5 22. Rhe1 Bd6 23. c4 Qf7 24. cxd5 cxd5 25. Kb1 a4 26. Re3 Rab8 27. Nf1
Rfd8 28. Re2 Bf4 29. Ne3 Bxe3 30. Rxe3 Rb4 31. a3 Rf4 32. Qe2 h6 33. Rdd3 d4 34.
Re7 Qc4 35. Qe6+ Qxe6 36. Rxe6 Rf6 37. Re7 Rb6 38. Ra7 Rb3 39. Rxb3 axb3 40. Rb7
d3 41. Kc1 d2+ 42. Kd1 Rd3 43. a4 Rxf3 44. a5 Rxh3 45. Kxd2 Kh7 46. a6 Rh2+ 47.
Kc3 Rc2+ 48. Kxb3 Rc6 49. a7 Ra6 50. Kc4 h5 51. Kd4 h4 52. g5 h3 53. Rb3 Rxa7
54. Rxh3+ Kg8 55. b4 Kf7 56. Re3 1-0

[Event "Xtracon Chess Open 2017"]
[Site "Helsingor DEN"]
[Date "2017.07.27"]
[Round "7.11"]
[White "Dishman, Stephen"]
[Black "Sunilduth Lyna, Narayanan"]
[Result "0-1"]
[BlackTitle "GM"]
[WhiteElo "2313"]
[BlackElo "2564"]
[WhiteFideId "403024"]
[BlackFideId "5058422"]
[EventDate "2017.07.22"]

1. d4 d5 2. Nf3 Nf6 3. c4 e6 4. Bg5 dxc4 5. Qa4+ Nbd7 6. e4 Be7 7. Nbd2 O-O 8.
Bxc4 c5 9. e5 Nd5 10. Bxe7 Qxe7 11. Bxd5 exd5 12. O-O c4 13. Qa5 Nb6 14. Rfc1
Be6 15. Rc3 Rfc8 16. Rac1 Rc6 17. b3 Rac8 18. h3 h6 19. Nf1 Na8 20. Ne3 Ra6 21.
Qb5 Nc7 22. Qxb7 Qd8 23. bxc4 Rb8 24. Qxb8 Qxb8 25. cxd5 Nb5 26. dxe6 Nxc3 27.
exf7+ Kxf7 28. Rxc3 Rxa2 29. d5 Qb2 30. e6+ Kg6 31. Rd3 Qxf2+ 32. Kh1 Re2 33.
Ne5+ Kh7 34. N5g4 Re1+ 35. Kh2 Qf4+ 36. g3 Re2+ 37. Kg1 Qxg3+ 38. Kf1 Re1# 0-1

[Event "Xtracon Chess Open 2017"]
[Site "Helsingor DEN"]
[Date "2017.07.27"]
[Round "7.12"]
[White "Wadsworth, Matthew J"]
[Black "Hjartarson, Johann"]
[Result "1-0"]
[WhiteTitle "FM"]
[BlackTitle "GM"]
[WhiteElo "2298"]
[BlackElo "2541"]
[WhiteFideId "415804"]
[BlackFideId "2300044"]
[EventDate "2017.07.22"]

1. c4 Nf6 2. g3 g6 3. Bg2 Bg7 4. Nc3 O-O 5. e4 d6 6. Nge2 c5 7. O-O Nc6 8. d3 a6
9. h3 Rb8 10. a4 Ne8 11. Be3 Nc7 12. d4 cxd4 13. Nxd4 Ne6 14. Nde2 Na5 15. b3
Bd7 16. f4 Nc5 17. Rb1 b5 18. axb5 axb5 19. Nxb5 Bxb5 20. cxb5 Rxb5 21. b4 Nc4
22. Bd4 Ne6 23. Bxg7 Kxg7 24. Qd3 Qb6+ 25. Kh2 Ne3 26. Rfc1 Nxg2 27. Kxg2 Rb8
28. Rc4 Qa6 29. f5 gxf5 30. exf5 Ng5 31. Rg4 f6 32. h4 h5 33. Rf4 Qa8+ 34. Kh2
Rd5 35. Qc3 Re5 36. Nd4 Ne4 37. Qb2 Qd5 38. b5 Ra8 39. Ra1 Rxa1 40. Qxa1 Nc5 41.
Qb1 Re3 42. Qg1 Ra3 43. Qg2 Qe5 44. b6 d5 45. Qb2 Rb3 46. Qc2 Rxb6 47. Qxc5 Rb2+
48. Nc2 d4 49. Qc4 Qe3 50. Kh3 Qc1 51. Rf2 Qh1+ 52. Rh2 Qf3 53. Qc5 Kh6 54. Rg2
d3 55. Qe3+ Qxe3 56. Nxe3 Rb4 57. Rd2 Rd4 58. Kg2 Kg7 59. Kf3 Kf7 60. Ng2 Rd5
61. Ke4 Re5+ 62. Kf4 Rd5 63. Ne1 1-0

[Event "Xtracon Chess Open 2017"]
[Site "Helsingor DEN"]
[Date "2017.07.27"]
[Round "7.13"]
[White "Agdestein, Simen"]
[Black "Papp, Petra"]
[Result "1-0"]
[WhiteTitle "GM"]
[BlackTitle "WGM"]
[WhiteElo "2604"]
[BlackElo "2337"]
[WhiteFideId "1500015"]
[BlackFideId "739049"]
[EventDate "2017.07.22"]

1. e3 g6 2. c4 Bg7 3. Nc3 Nf6 4. g4 h6 5. Bg2 e5 6. h3 Nc6 7. d4 d6 8. d5 Nb8 9.
e4 a5 10. Be3 Na6 11. Qd2 h5 12. g5 Nd7 13. Nf3 Nac5 14. Rb1 b6 15. Nh4 Nf8 16.
O-O Nh7 17. Kh2 Bd7 18. Rg1 Na4 19. Ne2 Nc5 20. b3 Qe7 21. Bf3 Qd8 22. Rg3 Qc8
23. Nc3 Qd8 24. Bd1 Qe7 25. Bc2 Qd8 26. Rbg1 Qc8 27. Re1 Qd8 28. Qd1 Qe7 29. a3
Qd8 30. Reg1 Qe7 31. b4 axb4 32. axb4 Nb7 33. Nb5 Qd8 34. Ba4 O-O 35. Nc3 Bxa4
36. Nxa4 Qd7 37. Nc3 Ra3 38. Nb5 Ra2 39. Qd3 Rfa8 40. Rd1 R2a4 41. Rb1 Nf8 42.
Nc3 Ra3 43. Bc1 R3a7 44. Rg1 Qd8 45. Qg3 Qd7 46. Be3 Ra3 47. Rgc1 Qd8 48. Nb5
R3a4 49. Rc2 Nd7 50. Nc3 Ra3 51. Bc1 R3a7 52. Rbb2 Qb8 53. Nf3 Bf8 54. Nd2 Qd8
55. Kg2 Qc8 56. Ndb1 Qd8 57. Nb5 Ra6 58. N1c3 Be7 59. Ra2 Nf8 60. Rxa6 Rxa6 61.
Ra2 Rxa2 62. Nxa2 Nh7 63. h4 Qa8 64. Nac3 Bd8 65. Qh3 Nf8 66. Bb2 Kh7 67. Kf3
Kg8 68. Ke2 Kh7 69. Kd3 Qb8 70. f4 exf4 71. Ne2 Qa8 72. Kd2 Kg8 73. Nxf4 Qa2 74.
Qc3 f6 75. gxf6 Kf7 76. Ne6 Nh7 77. Ng5+ Nxg5 78. hxg5 Qb1 79. e5 dxe5 80. Qxe5
Qf5 81. Qxf5 gxf5 82. Be5 Kg6 83. Bf4 h4 84. Ke2 h3 85. Kf3 Kh5 86. Nxc7 h2 87.
Kg2 Kg4 88. Ne6 1-0

[Event "Xtracon Chess Open 2017"]
[Site "Helsingor DEN"]
[Date "2017.07.27"]
[Round "7.14"]
[White "Martinovic, Sasa"]
[Black "Holm, Kristian Stuvik"]
[Result "1/2-1/2"]
[WhiteTitle "GM"]
[BlackTitle "IM"]
[WhiteElo "2570"]
[BlackElo "2403"]
[WhiteFideId "14509792"]
[BlackFideId "1508083"]
[EventDate "2017.07.22"]

1. d4 d5 2. Bf4 Nf6 3. e3 c5 4. c3 Nc6 5. Nd2 e6 6. Ngf3 Bd6 7. Bg3 O-O 8. Bd3
b6 9. Qe2 Bb7 10. Rd1 Be7 11. Ne5 Nd7 12. O-O c4 13. Bc2 f5 14. Nxc6 Bxc6 15. f3
Bg5 16. e4 Re8 17. f4 Bh6 18. exf5 exf5 19. Qh5 Nf6 20. Qh3 Ng4 21. Bxf5 Ne3 22.
Be6+ Kh8 23. Nf3 Qe7 24. f5 Bd7 25. Bh4 Qd6 26. Bg3 Qe7 27. Qxh6 Nxf5 28. Qh5
Nxg3 29. hxg3 Bxe6 30. Rde1 Qf7 31. Qh4 Qf6 32. Ng5 Qg6 33. Re5 Bg8 34. Nf3 Rf8
35. Rfe1 Rae8 36. Kh2 Re6 37. Rxe6 Bxe6 38. Re5 h6 39. Qe7 Rf6 40. Qxa7 Rxf3 41.
Qb8+ Kh7 42. Rxe6 Qxe6 43. gxf3 1/2-1/2

[Event "Xtracon Chess Open 2017"]
[Site "Helsingor DEN"]
[Date "2017.07.27"]
[Round "7.15"]
[White "Colpe, Malte"]
[Black "Grigoriants, Sergey"]
[Result "1/2-1/2"]
[BlackTitle "GM"]
[WhiteElo "2412"]
[BlackElo "2566"]
[WhiteFideId "24623075"]
[BlackFideId "4130804"]
[EventDate "2017.07.22"]

1. d4 Nf6 2. c4 e6 3. g3 c5 4. d5 exd5 5. cxd5 d6 6. Nc3 g6 7. Bg2 Bg7 8. Nf3
O-O 9. O-O Re8 10. Bf4 Nh5 11. Bg5 Qd7 12. Qb3 h6 13. Bd2 Nf6 14. Rfe1 Qc7 15.
e4 a6 16. a4 Nbd7 17. h3 Rb8 1/2-1/2

[Event "Xtracon Chess Open 2017"]
[Site "Helsingor DEN"]
[Date "2017.07.27"]
[Round "7.16"]
[White "Haldorsen, Benjamin"]
[Black "Shabalov, Alexander"]
[Result "0-1"]
[WhiteTitle "FM"]
[BlackTitle "GM"]
[WhiteElo "2370"]
[BlackElo "2549"]
[WhiteFideId "1512633"]
[BlackFideId "2008572"]
[EventDate "2017.07.22"]

1. d4 Nf6 2. c4 c5 3. d5 b5 4. Qc2 b4 5. e4 d6 6. b3 g6 7. Bb2 Bg7 8. Nf3 O-O 9.
Bd3 e5 10. dxe6 Bxe6 11. O-O Nc6 12. Nbd2 Ng4 13. Bxg7 Kxg7 14. h3 Nge5 15. Rfd1
a5 16. Be2 f5 17. exf5 Bxf5 18. Qc1 Qf6 19. Nxe5 Nd4 20. Bf1 dxe5 21. Nf3 Be4
22. Nxd4 Qxf2+ 23. Kh1 exd4 24. Qg5 Qf5 25. Qg3 Qf4 26. Kh2 a4 27. Re1 axb3 28.
axb3 Qxg3+ 29. Kxg3 Rxa1 30. Rxa1 Bc2 31. Be2 Bxb3 32. Ra5 Bc2 33. Rxc5 d3 34.
Bg4 h5 0-1

[Event "Xtracon Chess Open 2017"]
[Site "Helsingor DEN"]
[Date "2017.07.27"]
[Round "7.17"]
[White "Kramer, Julian"]
[Black "Hillarp Persson, Tiger"]
[Result "0-1"]
[WhiteTitle "FM"]
[BlackTitle "GM"]
[WhiteElo "2333"]
[BlackElo "2509"]
[WhiteFideId "12921742"]
[BlackFideId "1700812"]
[EventDate "2017.07.22"]

1. e4 g6 2. d4 Bg7 3. Nc3 d6 4. f4 a6 5. Nf3 b5 6. Bd3 Nd7 7. e5 c5 8. Be4 Rb8
9. O-O Nh6 10. exd6 O-O 11. f5 Nf6 12. fxg6 Qxd6 13. gxf7+ Rxf7 14. Bxh6 Bxh6
15. Re1 b4 16. Na4 cxd4 17. Qxd4 Nxe4 18. Rxe4 Bf5 19. Re2 Rc8 20. Qxd6 exd6 21.
Nd4 Bg4 22. Re4 Rg7 23. Nb6 Rf8 24. Rf1 Rg5 25. Rxf8+ Bxf8 26. h4 d5 27. Nxd5
Rxd5 28. Rxg4+ Kf7 29. Rf4+ Kg8 30. Rg4+ Kf7 31. Rf4+ Kg8 32. Nb3 a5 33. c4 Re5
34. Kf2 Bh6 35. Rg4+ Kf7 36. Nd4 Be3+ 37. Kf3 Bc1 38. Re4 Rc5 39. Nb3 Rf5+ 40.
Kg4 Rf1 41. Nxa5 h5+ 42. Kg3 Kg6 43. c5 Kf5 44. Rxb4 Bf4+ 45. Rxf4+ Rxf4 46. c6
Rg4+ 47. Kh3 Ke6 48. Nb7 Kd5 49. Nd8 Ra4 50. c7 Rc4 51. Nf7 Rxc7 52. Ng5 Rc4 53.
Nf3 Ra4 54. a3 Ke4 55. Nh2 Kf5 56. Nf1 Rd4 57. Ng3+ Kg6 58. Ne2 Re4 59. Ng3 Re3
60. a4 Rb3 61. a5 Rxb2 62. a6 Rb3 63. a7 Ra3 64. a8=Q Rxa8 65. Ne2 Ra3+ 66. g3
Ra5 67. Nf4+ Kf6 68. Kg2 Rf5 69. Ne2 Ke5 70. Nf4 Ke4 71. Kf2 Ra5 72. Kg2 Rb5 73.
Kh3 Kf3 74. Kh2 Kg4 75. Nd3 Rd5 76. Nf4 Rd2+ 77. Kg1 Ra2 78. Kf1 Ra3 0-1

[Event "Xtracon Chess Open 2017"]
[Site "Helsingor DEN"]
[Date "2017.07.27"]
[Round "7.18"]
[White "Kvon, Andrey"]
[Black "Risting, Eivind Olav"]
[Result "1-0"]
[WhiteTitle "IM"]
[BlackTitle "FM"]
[WhiteElo "2500"]
[BlackElo "2307"]
[WhiteFideId "14201356"]
[BlackFideId "1517333"]
[EventDate "2017.07.22"]

1. c4 e5 2. Nc3 Nc6 3. a3 g6 4. Nf3 Bg7 5. e3 d6 6. Be2 a5 7. d4 Nf6 8. dxe5
Nxe5 9. Nxe5 dxe5 10. Qxd8+ Kxd8 11. e4 Be6 12. f3 Nd7 13. Be3 Bf8 14. O-O-O c6
15. Kb1 Kc7 16. Nd5+ Kc8 17. Rd2 f6 18. Nb6+ Nxb6 19. Bxb6 Be7 20. c5 a4 21. g3
h5 22. Rg1 Bd8 23. Rd6 Bxb6 24. cxb6 Re8 25. g4 h4 26. g5 f5 27. Rc1 f4 28. Rc5
Re7 29. Bf1 Bd7 30. Rxg6 Kd8 31. Rh6 1-0

[Event "Xtracon Chess Open 2017"]
[Site "Helsingor DEN"]
[Date "2017.07.27"]
[Round "7.19"]
[White "Christiansen, Johan-Sebastian"]
[Black "Svane, Frederik"]
[Result "0-1"]
[WhiteTitle "IM"]
[WhiteElo "2471"]
[BlackElo "2276"]
[WhiteFideId "1512668"]
[BlackFideId "12923044"]
[EventDate "2017.07.22"]

1. e4 c5 2. Nf3 e6 3. d4 cxd4 4. Nxd4 a6 5. Nc3 Qc7 6. Bd3 Nf6 7. f4 b5 8. e5 b4
9. Na4 Nd5 10. O-O Nc6 11. Be4 Nxd4 12. Qxd4 Bb7 13. Kh1 Rc8 14. b3 f5 15. exf6
Nxf6 16. Bd3 Be7 17. Bb2 Qc6 18. Qf2 O-O 19. Qg3 Nh5 20. Qg4 g6 21. Rae1 Nxf4
22. Be4 d5 23. Bf3 Rf5 24. Qg3 Bd6 25. Bg4 Rff8 26. Rxe6 d4 27. Bh3 Qd5 28. Ree1
Nxg2 29. Qxg2 Rxf1+ 30. Rxf1 Qe5 31. Be6+ Kh8 32. Bxd4 Bxg2+ 33. Kxg2 Rxc2+ 34.
Bf2 Qxe6 0-1